[Event "2017 Edmonton International Qualifier"]
[Site "?"]
[Date "2017.04.29"]
[Round "2"]
[White "Young, Joseph"]
[Black "MacDonald, Dean"]
[Result "1-0"]
[WhiteElo "1784"]
[BlackElo "1426"]
[PlyCount "51"]
[EventDate "2017.??.??"]
[SourceDate "2017.09.01"]

1. d4 Nf6 2. Bf4 d5 3. e3 c5 4. c3 Nc6 5. Bd3 cxd4 6. exd4 e6 7. Nf3 Bd6 8. Bg3
Ne4 9. Bxe4 dxe4 10. Nfd2 Bxg3 11. hxg3 f5 12. Qh5+ g6 13. Qh6 Qe7 14. Na3 Bd7
15. Nac4 O-O-O 16. b4 Rdf8 17. b5 Nd8 18. a4 Nf7 19. Qe3 Nd6 20. Nxd6+ Qxd6 21.
Nc4 Qe7 22. Qf4 g5 23. Qe5 Qf6 24. Qc5+ Kb8 25. Qd6+ Kc8 26. b6 1-0

[Event "2017 Edmonton International Qualifier"]
[Site "?"]
[Date "2017.04.29"]
[Round "3"]
[White "Chao, Lucy"]
[Black "Mah, Sean"]
[Result "1-0"]
[WhiteElo "1467"]
[BlackElo "1567"]
[PlyCount "71"]
[EventDate "2017.??.??"]
[SourceDate "2017.09.01"]

1. e4 c6 2. d4 d5 3. exd5 cxd5 4. Nf3 Nc6 5. Be3 Qb6 6. Qc1 Nf6 7. c3 Ne4 8.
Nbd2 Bf5 9. Nxe4 Bxe4 10. Be2 e6 11. O-O Bd6 12. c4 Qc7 13. c5 Be7 14. Qd2 f6
15. Qd1 g5 16. Bd3 Bg6 17. h3 f5 18. Ne5 Nxe5 19. dxe5 Kf7 20. Bd4 Bxc5 21. Rc1
b6 22. b4 Rac8 23. bxc5 bxc5 24. Qc2 c4 25. f4 gxf4 26. Rxf4 Qe7 27. Be2 Qg5
28. Rcf1 Rhg8 29. Kh2 Kf8 30. Bd3 Ke7 31. Be2 Bf7 32. Bd1 h5 33. Qb2 c3 34.
Qa3+ Ke8 35. Ba4+ Rc6 36. Bxc6+ 1-0

[Event "2017 Edmonton International Qualifier"]
[Site "?"]
[Date "2017.04.29"]
[Round "3"]
[White "Koperski, Dustin"]
[Black "Mah, Sydney"]
[Result "1-0"]
[WhiteElo "1760"]
[BlackElo "1317"]
[PlyCount "63"]
[EventDate "2017.??.??"]
[SourceDate "2017.09.01"]

1. e4 e6 2. b3 d5 3. Bb2 Nd7 4. exd5 exd5 5. Qe2+ Qe7 6. Qxe7+ Nxe7 7. Nc3 Nf6
8. h3 a6 9. Nf3 Nc6 10. Be2 Bf5 11. d3 Bb4 12. O-O O-O 13. Nd1 Rfe8 14. Ne3 h6
15. a3 Bc5 16. Nxf5 Rxe2 17. Rac1 Rd8 18. Nxh6+ gxh6 19. Bxf6 Rd6 20. Bb2 d4
21. Rfe1 Rde6 22. Kf1 Rxe1+ 23. Rxe1 Rxe1+ 24. Nxe1 b5 25. Ke2 Bb6 26. Kf3 Ne7
27. Ke4 f5+ 28. Ke5 c5 29. Bc1 Kf7 30. Kd6 Ke8 31. Bxh6 Kd8 32. Bg5 1-0

[Event "2017 Edmonton International Qualifier"]
[Site "?"]
[Date "2017.04.30"]
[Round "5"]
[White "Chao, Lucy"]
[Black "Mah, Sydney"]
[Result "0-1"]
[WhiteElo "1467"]
[BlackElo "1317"]
[PlyCount "46"]
[EventDate "2017.??.??"]
[SourceDate "2017.09.01"]

1. e4 e6 2. d4 d5 3. Nd2 c5 4. dxc5 Bxc5 5. Bd3 Nc6 6. Ne2 Nf6 7. O-O Qb6 8. c3
O-O 9. Qb3 Qc7 10. exd5 exd5 11. Nf3 Bd6 12. h3 Be6 13. Ned4 Nxd4 14. Nxd4 Bd7
15. Nb5 Bxb5 16. Bxb5 a6 17. Bd3 Rfe8 18. Bg5 Nh5 19. Qxd5 Re5 20. Bxh7+ Kxh7
21. Qd3+ Kg8 22. f4 Qc5+ 23. Kh2 Rxg5 0-1

[Event "2017 Edmonton International Qualifier"]
[Site "?"]
[Date "2017.04.29"]
[Round "1"]
[White "Wei, Daniel"]
[Black "Malek, Omid"]
[Result "1-0"]
[WhiteElo "1721"]
[BlackElo "2198"]
[PlyCount "51"]
[EventDate "2017.??.??"]
[SourceDate "2017.09.01"]

1. e4 e6 2. d4 d5 3. exd5 exd5 4. Bd3 c5 5. dxc5 Bxc5 6. h3 Nf6 7. Nf3 O-O 8.
O-O Qd6 9. Be3 Bxe3 10. fxe3 Re8 11. Qe1 Nc6 12. Nc3 a6 13. Qf2 Nb4 14. Rad1
Qb6 15. Nd4 Nxd3 16. Rxd3 Rf8 17. Qh4 Be6 18. Rxf6 gxf6 19. Nxd5 Bxd5 20. Nf5
Kh8 21. Rxd5 Rad8 22. Qh6 Rg8 23. Ne7 Rxd5 24. Nxd5 Qd6 25. Nxf6 Rg7 26. Qxg7+
1-0

[Event "2017 Edmonton International Qualifier"]
[Site "?"]
[Date "2017.04.29"]
[Round "3"]
[White "Ivey, James"]
[Black "Malek, Omid"]
[Result "0-1"]
[WhiteElo "1726"]
[BlackElo "2198"]
[PlyCount "46"]
[EventDate "2017.??.??"]
[SourceDate "2017.09.01"]

1. e4 e6 2. d4 d5 3. Nd2 Nc6 4. c3 e5 5. exd5 Qxd5 6. Ngf3 exd4 7. Bc4 Qh5 8.
cxd4 Be6 9. Qe2 O-O-O 10. Bxe6+ fxe6 11. Qxe6+ Kb8 12. O-O Bd6 13. h3 Nh6 14.
Nb3 Rde8 15. Qc4 Rhf8 16. Nbd2 g5 17. Ne5 Bxe5 18. dxe5 Nxe5 19. Qc3 g4 20. Re1
Nhf7 21. Ne4 gxh3 22. Nf6 Qg6 23. Qxh3 Qxf6 0-1

[Event "2017 Edmonton International"]
[Site "?"]
[Date "2017.06.24"]
[Round "7"]
[White "Sevillano, Enrico"]
[Black "Matras-Clement, Agnieszka"]
[Result "1-0"]
[WhiteElo "2566"]
[BlackElo "2305"]
[PlyCount "51"]
[EventDate "2017.??.??"]
[SourceDate "2017.09.01"]

1. e4 c5 2. c3 d5 3. exd5 Qxd5 4. d4 Nf6 5. Nf3 Bg4 6. Be2 e6 7. O-O Nc6 8. h3
Bh5 9. Be3 cxd4 10. Nxd4 Bxe2 11. Qxe2 Nxd4 12. Bxd4 Be7 13. Rd1 Qc6 14. Nd2
O-O 15. Nf3 Rfd8 16. Ne5 Qe4 17. Qf1 Nd5 18. Rd3 Bf8 19. Re1 Qh4 20. Rf3 f6 21.
Ng4 e5 22. Bxe5 fxe5 23. Rxe5 Rd6 24. Rxd5 Rxd5 25. Qc4 Rad8 26. Rf5 1-0

[Event "2017 Edmonton International"]
[Site "?"]
[Date "2017.06.25"]
[Round "9"]
[White "Caldera, Anuar"]
[Black "Matras-Clement, Agnieszka"]
[Result "0-1"]
[WhiteElo "2239"]
[BlackElo "2305"]
[PlyCount "76"]
[EventDate "2017.??.??"]
[SourceDate "2017.09.01"]

1. d4 d5 2. c4 c6 3. Nc3 Nf6 4. e3 e6 5. b3 Nbd7 6. Nf3 Bd6 7. Bb2 O-O 8. Qc2
Qe7 9. Be2 Re8 10. O-O Ba3 11. Ne5 Bxb2 12. Qxb2 Nxe5 13. dxe5 Nd7 14. f4 b6
15. Rad1 f6 16. Bh5 Rf8 17. Bf3 Bb7 18. Qd2 Rad8 19. cxd5 exd5 20. exf6 Nxf6
21. Rfe1 Kh8 22. Qb2 Ba6 23. Rd4 Rfe8 24. Qd2 Bb7 25. b4 c5 26. bxc5 bxc5 27.
Nxd5 Nxd5 28. Rxd5 Bxd5 29. Bxd5 Qe4 30. Bxe4 Rxd2 31. Bc6 Rc8 32. Bb7 Rc7 33.
Rb1 g6 34. g4 c4 35. f5 gxf5 36. gxf5 c3 37. Bf3 c2 38. Rf1 Rcd7 0-1

[Event "2017 Edmonton International"]
[Site "?"]
[Date "2017.06.21"]
[Round "3"]
[White "Frialde, Arniel"]
[Black "Matras-Clement, Agnieszka"]
[Result "0-1"]
[WhiteElo "2213"]
[BlackElo "2305"]
[PlyCount "79"]
[EventDate "2017.??.??"]
[SourceDate "2017.09.01"]

1. d4 d5 2. c4 c6 3. Nf3 Nf6 4. g3 Bf5 5. Bg2 e6 6. O-O Nbd7 7. Qb3 Qb6 8. c5
Qa6 9. Bf4 Ne4 10. Nc3 Be7 11. h4 O-O 12. Rfc1 Rfc8 13. e3 b6 14. Bf1 Qa5 15.
Ne5 Nxe5 16. Bxe5 Nd2 17. Qd1 Nxf1 18. Kxf1 bxc5 19. g4 Qa6+ 20. Kg2 Bd3 21.
dxc5 Bxc5 22. Na4 Be7 23. Nc5 Bxc5 24. Rxc5 f6 25. Bd6 Be2 26. Qd4 e5 27. Qb4
Qb6 28. Qa4 Qxb2 29. Rac1 Bb5 30. Qc2 Qxc2 31. R1xc2 Kf7 32. R5c3 d4 33. exd4
exd4 34. Rc5 Rd8 35. Bf4 Rd7 36. Rd2 Rad8 37. a4 Bxa4 38. Rc4 Bb3 39. Rb4 Bd5+
40. Kg3 0-1

[Event "2017 Edmonton International"]
[Site "?"]
[Date "2017.06.23"]
[Round "6"]
[White "Matras-Clement, Agnieszka"]
[Black "Miller, David"]
[Result "1-0"]
[WhiteElo "2305"]
[BlackElo "2223"]
[PlyCount "49"]
[EventDate "2017.??.??"]
[SourceDate "2017.09.01"]

1. e4 d6 2. d4 Nf6 3. Nc3 e5 4. Nf3 Nbd7 5. Bc4 Be7 6. O-O O-O 7. h3 c6 8. a4
Qc7 9. Qe2 b6 10. Rd1 Bb7 11. Ba2 a6 12. Bg5 h6 13. Bh4 Bd8 14. dxe5 dxe5 15.
Bg3 Be7 16. Nh4 Kh7 17. Nf5 Bc5 18. Qf3 g6 19. Bh4 Nh5 20. Rd2 Nf4 21. Rad1 Bc8
22. Ne7 Bd4 23. Ne2 Nxe2+ 24. Rxe2 f6 25. Qg4 1-0

[Event "2017 Edmonton International Qualifier"]
[Site "?"]
[Date "2017.04.29"]
[Round "2"]
[White "Ivey, James"]
[Black "Miller, Reuben"]
[Result "1-0"]
[WhiteElo "1926"]
[BlackElo "1368"]
[PlyCount "25"]
[EventDate "2017.??.??"]
[SourceDate "2017.09.01"]

1. e4 Nc6 2. d4 e5 3. Nf3 exd4 4. Nxd4 Nxd4 5. Qxd4 Nf6 6. Bc4 c5 7. Qd3 b6 8.
O-O Bb7 9. e5 d5 10. exf6 gxf6 11. Bb5+ Ke7 12. Re1+ Kd6 13. Qg3# 1-0

[Event "2017 Edmonton International"]
[Site "?"]
[Date "2017.06.20"]
[Round "1"]
[White "Sevillano, Enrico"]
[Black "Ng, Gary"]
[Result "1-0"]
[WhiteElo "2566"]
[BlackElo "2339"]
[PlyCount "129"]
[EventDate "2017.??.??"]
[SourceDate "2017.09.01"]

1. e4 b6 2. Nf3 Bb7 3. Nc3 e6 4. g3 Nf6 5. d3 Be7 6. Bg2 O-O 7. O-O d6 8. h3 c5
9. Re1 a6 10. Ne2 c4 11. g4 Nbd7 12. Ng3 cxd3 13. cxd3 Rc8 14. b3 Ne5 15. Be3
Rc3 16. Nxe5 dxe5 17. d4 Qc7 18. dxe5 Rd8 19. Qe2 Nd7 20. Bd4 Rc2 21. Qe3 Bc5
22. Red1 Rc8 23. Bxc5 Rxc5 24. f4 Rc3 25. Rd3 Rxd3 26. Qxd3 g5 27. Nh5 Nc5 28.
Qe3 Rd8 29. Rc1 a5 30. h4 gxh4 31. f5 Kf8 32. Qh6+ Ke8 33. fxe6 Qxe5 34. exf7+
Ke7 35. Qxb6 Qd4+ 36. Kh1 h3 37. Qxc5+ Qxc5 38. Rxc5 hxg2+ 39. Kg1 Rd1+ 40.
Kxg2 Bxe4+ 41. Kg3 Kxf7 42. Rxa5 Bc2 43. Kf4 Rd4+ 44. Kg3 Rd1 45. g5 Rg1+ 46.
Kf4 Rf1+ 47. Ke3 Rb1 48. Nf4 Bxb3 49. Ra7+ Kg8 50. axb3 Rxb3+ 51. Ke4 Rg3 52.
Kf5 Rf3 53. Ke5 Rf1 54. Ne6 Rb1 55. Rg7+ Kh8 56. Rf7 Rb8 57. Kf6 Kg8 58. Rg7+
Kh8 59. Rd7 Kg8 60. Rd8+ Rxd8 61. Nxd8 Kf8 62. Nf7 Kg8 63. Nh6+ Kh8 64. Nf5 Kg8
65. Ke7 1-0

[Event "2017 Edmonton International Qualifier"]
[Site "?"]
[Date "2017.04.29"]
[Round "2"]
[White "Thiel, Rodney"]
[Black "Ng, Gary"]
[Result "0-1"]
[WhiteElo "1965"]
[BlackElo "2335"]
[PlyCount "82"]
[EventDate "2017.??.??"]
[SourceDate "2017.09.01"]

1. d4 Nf6 2. c4 e6 3. Nf3 b6 4. g3 Ba6 5. Qc2 c5 6. Bg2 Bb7 7. O-O Nc6 8. Rd1
Nb4 9. Qb3 Be4 10. Na3 Be7 11. dxc5 bxc5 12. Bf4 O-O 13. Rd2 d5 14. Ng5 Bxg2
15. Kxg2 Nh5 16. Nh3 Nxf4+ 17. Nxf4 Bg5 18. e3 Rb8 19. Qd1 Bxf4 20. gxf4 Qf6
21. Qh5 h6 22. Kh1 Rfd8 23. Rg1 dxc4 24. Nxc4 Rxd2 25. Nxd2 Nd3 26. Qe2 Nxb2
27. Ne4 Qf5 28. f3 Rb6 29. Qg2 g6 30. Qd2 e5 31. Qd8+ Kh7 32. Ng3 Qf6 33. Qf8
Qg7 34. Qxc5 Nd3 35. Qc2 exf4 36. Nh5 Qe5 37. Qxd3 Qxh5 38. e4 Rb2 39. Rg2 Qb5
40. Qxb5 Rxb5 41. Rc2 Kg7 0-1

[Event "2017 Edmonton International Qualifier"]
[Site "?"]
[Date "2017.04.29"]
[Round "2"]
[White "Mah, Sydney"]
[Black "Offengenden, Ron"]
[Result "0-1"]
[WhiteElo "1317"]
[BlackElo "1608"]
[PlyCount "82"]
[EventDate "2017.??.??"]
[SourceDate "2017.09.01"]

1. e4 e5 2. Nf3 Nc6 3. Bb5 Nd4 4. Nxd4 exd4 5. d3 Nf6 6. a3 Bd6 7. Nd2 a6 8.
Bc4 Be5 9. Nf3 d6 10. Bd2 Be6 11. Bxe6 fxe6 12. Ng5 Qe7 13. f4 Nxe4 14. Nxe4
Bf6 15. Qf3 d5 16. Nxf6+ Qxf6 17. O-O-O O-O-O 18. Rde1 Rhe8 19. Rhf1 g6 20. Re5
Rd6 21. g4 h6 22. Rfe1 g5 23. f5 c5 24. Qf2 Rf8 25. c3 dxc3 26. Qxc5+ Rc6 27.
Qxc6+ bxc6 28. Bxc3 Qd8 29. fxe6 Re8 30. e7 Qd7 31. Ba5 Qxg4 32. Re6 Kd7 33.
Rxh6 Rxe7 34. Rxe7+ Kxe7 35. Bb4+ Kd7 36. Bd6 Qd4 37. Bg3 Qxd3 38. Rd6+ Ke7 39.
Rxc6 Qf5 40. Kd2 Qf1 41. Kc3 Qc1+ 0-1

[Event "2017 Edmonton International Qualifier"]
[Site "?"]
[Date "2017.04.30"]
[Round "5"]
[White "Offengenden, Ron"]
[Black "Razzaq, Ali"]
[Result "0-1"]
[WhiteElo "1608"]
[BlackElo "1818"]
[PlyCount "50"]
[EventDate "2017.??.??"]
[SourceDate "2017.09.01"]

1. e4 c6 2. d4 d5 3. exd5 cxd5 4. Nf3 Nf6 5. Bf4 Nc6 6. Nc3 e6 7. Bd3 Be7 8.
Qe2 O-O 9. O-O Qb6 10. Rab1 Nxd4 11. Nxd4 Qxd4 12. Qf3 Bd7 13. Rfd1 Qb6 14. Qg3
Nh5 15. Qh3 g6 16. Nxd5 exd5 17. Qxd7 Bc5 18. Bc7 Bxf2+ 19. Kh1 Qe6 20. Qxe6
fxe6 21. Bd6 Rf7 22. c4 Rd8 23. Be5 Kf8 24. cxd5 Rxd5 25. Bc3 Ng3+ 0-1

[Event "2017 Edmonton International Qualifier"]
[Site "?"]
[Date "2017.04.30"]
[Round "5"]
[White "Ivanescu, Cristian"]
[Black "Robertson, Trevor"]
[Result "1-0"]
[WhiteElo "1953"]
[BlackElo "1645"]
[PlyCount "95"]
[EventDate "2017.??.??"]
[SourceDate "2017.09.01"]

1. d4 d5 2. Nf3 e6 3. Bf4 Bd6 4. e3 Nf6 5. Ne5 c6 6. c3 Qc7 7. Nd2 Nbd7 8. Nxd7
Nxd7 9. Qg4 g6 10. Bh6 Bf8 11. Bf4 Bd6 12. Bxd6 Qxd6 13. Nf3 O-O 14. Qg5 f6 15.
Qh6 Rf7 16. h4 e5 17. h5 Qf8 18. hxg6 Rg7 19. gxh7+ Kh8 20. Nh4 Qf7 21. Nf5
Rxh7 22. Qxh7+ Qxh7 23. Rxh7+ Kxh7 24. Nd6 Kg6 25. g3 Nf8 26. Nxc8 Rxc8 27. Bh3
Rc7 28. Ke2 b6 29. Bg2 e4 30. f3 f5 31. g4 Rh7 32. gxf5+ Kf6 33. fxe4 dxe4 34.
Bxe4 c5 35. Rh1 Rxh1 36. Bxh1 Kxf5 37. e4+ Kf4 38. Kd3 cxd4 39. cxd4 Ne6 40.
Kc4 Nc7 41. a4 a5 42. d5 Ke5 43. b4 axb4 44. Kxb4 Kd6 45. Kc4 Na6 46. Kb5 Nc5
47. a5 bxa5 48. e5+ 1-0

[Event "2017 Edmonton International Qualifier"]
[Site "?"]
[Date "2017.04.29"]
[Round "2"]
[White "Samalio, Izacc"]
[Black "Robertson, Trevor"]
[Result "0-1"]
[WhiteElo "1076"]
[BlackElo "1664"]
[PlyCount "100"]
[EventDate "2017.??.??"]
[SourceDate "2017.09.01"]

1. d4 d5 2. c4 e6 3. Nc3 Nf6 4. Bg5 c6 5. Nf3 Nbd7 6. e3 Bb4 7. Qb3 Qa5 8. Rc1
Ne4 9. a3 Bxc3+ 10. bxc3 Nxg5 11. Nxg5 dxc4 12. Bxc4 Qxg5 13. O-O Nf6 14. f4
Qh4 15. h3 Ne4 16. Qc2 Nd6 17. Be2 O-O 18. Kh2 Nf5 19. Rf3 g6 20. g3 Qe7 21. e4
Ng7 22. a4 b6 23. g4 c5 24. Re3 Qc7 25. Rf3 Bb7 26. Bd3 Rac8 27. Kg3 cxd4 28.
cxd4 Qxc2 29. Bxc2 Rxc2 30. Rxc2 Bxe4 31. Re3 Bxc2 32. Rc3 Bxa4 33. Ra3 Bc6 34.
Rxa7 Ra8 35. Rc7 Bd5 36. Rd7 b5 37. Rd6 b4 38. Rb6 Ra3+ 39. Kf2 Kf8 40. Rxb4
Rxh3 41. Rb8+ Ne8 42. Kg1 Rg3+ 43. Kh2 Rxg4 44. Kh3 Rxf4 45. Rb4 Nf6 46. Rb8+
Kg7 47. Rb4 h5 48. Kg3 Rg4+ 49. Kf2 Rg2+ 50. Ke3 g5 0-1

[Event "2017 Edmonton International Qualifier"]
[Site "?"]
[Date "2017.04.29"]
[Round "2"]
[White "Malek, Omid"]
[Black "Rohatynski, Jordan"]
[Result "1-0"]
[WhiteElo "2198"]
[BlackElo "1656"]
[PlyCount "59"]
[EventDate "2017.??.??"]
[SourceDate "2017.09.01"]

1. d4 Nf6 2. Bg5 d6 3. e3 Nbd7 4. Nf3 h6 5. Bh4 c6 6. Be2 Qc7 7. Nbd2 e5 8. O-O
e4 9. Ne1 d5 10. Bg3 Bd6 11. Bxd6 Qxd6 12. c4 Nf8 13. f3 Bf5 14. Qb3 O-O-O 15.
Qa4 Kb8 16. b4 g5 17. b5 c5 18. fxe4 Bxe4 19. dxc5 Qxc5 20. Rxf6 Qxe3+ 21. Rf2
Qxd2 22. Qa3 Qd4 23. Rd1 Qe5 24. c5 f5 25. b6 axb6 26. cxb6 d4 27. Rc1 Bc6 28.
Rxc6 bxc6 29. Qa7+ Kc8 30. Ba6# 1-0

[Event "2017 Edmonton International Qualifier"]
[Site "?"]
[Date "2017.04.29"]
[Round "1"]
[White "Dave, Bhavik"]
[Black "Samalio, Izacc"]
[Result "1-0"]
[WhiteElo "1857"]
[BlackElo "1076"]
[PlyCount "47"]
[EventDate "2017.??.??"]
[SourceDate "2017.09.01"]

1. d4 d5 2. c4 e6 3. Nc3 Nf6 4. cxd5 Nxd5 5. e4 Bb4 6. exd5 Bxc3+ 7. bxc3 exd5
8. Ba3 Be6 9. Nf3 Nc6 10. Rb1 Rb8 11. Bb5 Bd7 12. O-O a6 13. Re1+ Be6 14. Bxc6+
bxc6 15. Ne5 Rxb1 16. Qxb1 Qa8 17. Qb4 Qd8 18. Nxc6 Qf6 19. f4 Kd7 20. Ne5+ Kc8
21. Rb1 Kd8 22. Qa4 Qxf4 23. Rb8+ Bc8 24. Qd7# 1-0

[Event "2017 Edmonton International Qualifier"]
[Site "?"]
[Date "2017.04.29"]
[Round "3"]
[White "MacDonald, Dean"]
[Black "Samalio, Izacc"]
[Result "1-0"]
[WhiteElo "1426"]
[BlackElo "1076"]
[PlyCount "49"]
[EventDate "2017.??.??"]
[SourceDate "2017.09.01"]

1. e4 e5 2. Nf3 Nc6 3. Bb5 a6 4. Ba4 b5 5. Bb3 Nf6 6. Ng5 d5 7. exd5 Na5 8. Nc3
Nxb3 9. axb3 Bc5 10. Nge4 Ng4 11. Nxc5 Qe7 12. N5e4 f5 13. Ng3 h5 14. f3 f4 15.
fxg4 fxg3 16. gxh5 gxh2 17. Rxh2 g6 18. d3 gxh5 19. Rxh5 Rxh5 20. Qxh5+ Kd7 21.
Bg5 Qg7 22. O-O-O b4 23. Ne4 Bb7 24. Nc5+ Kc8 25. Qe8# 1-0

[Event "2017 Edmonton International Qualifier"]
[Site "?"]
[Date "2017.04.29"]
[Round "1"]
[White "Ivanescu, Cristian"]
[Black "Sasata, Alexander"]
[Result "1-0"]
[WhiteElo "1953"]
[BlackElo "1410"]
[PlyCount "69"]
[EventDate "2017.??.??"]
[SourceDate "2017.09.01"]

1. d4 d5 2. Nf3 Nf6 3. Bf4 e6 4. e3 c5 5. c3 Nc6 6. Nbd2 Be7 7. h3 O-O 8. Bd3
Qb6 9. Rb1 cxd4 10. exd4 Re8 11. O-O Qd8 12. Re1 Bd6 13. Ne5 Ne7 14. c4 Ng6 15.
Nxg6 fxg6 16. Bxd6 Qxd6 17. c5 Qf4 18. Nf3 Rf8 19. Qd2 Nh5 20. Qxf4 Nxf4 21.
Be2 Bd7 22. b4 a6 23. Ne5 Ba4 24. Bg4 Bc2 25. Rbc1 Bf5 26. Rc3 Be4 27. g3 h5
28. gxf4 hxg4 29. hxg4 Rxf4 30. f3 Bxf3 31. Rxf3 Rxd4 32. a3 g5 33. Kg2 g6 34.
Rf6 Re8 35. Rh1 1-0

[Event "2017 Edmonton International Qualifier"]
[Site "?"]
[Date "2017.04.29"]
[Round "3"]
[White "Ludwig, David"]
[Black "Sasata, Robert"]
[Result "0-1"]
[WhiteElo "1853"]
[BlackElo "2341"]
[PlyCount "54"]
[EventDate "2017.??.??"]
[SourceDate "2017.09.01"]

1. c4 Nf6 2. Nc3 e6 3. g3 d5 4. cxd5 exd5 5. d4 c5 6. Nf3 Nc6 7. Bg2 Be7 8. O-O
O-O 9. e3 c4 10. b3 cxb3 11. Qxb3 Na5 12. Qc2 Bd7 13. Ne5 Rc8 14. Bd2 Be6 15.
a4 Ne4 16. Bxe4 dxe4 17. Qxe4 Nb3 18. Qc2 Nxd2 19. Qxd2 Bb4 20. Rfc1 Qa5 21.
Qd3 Bxc3 22. Rab1 Bb4 23. Nc4 Qxa4 24. d5 Rfd8 25. e4 a5 26. Qf3 Bd7 27. Ra1
Qb5 0-1

[Event "2017 Edmonton International"]
[Site "?"]
[Date "2017.06.22"]
[Round "4"]
[White "Shabalov, Alex"]
[Black "Sevillano, Enrico"]
[Result "1-0"]
[WhiteElo "2587"]
[BlackElo "2566"]
[PlyCount "101"]
[EventDate "2017.??.??"]
[SourceDate "2017.09.01"]

1. e4 e5 2. Nf3 Nc6 3. Bb5 a6 4. Ba4 Nf6 5. O-O b5 6. Bb3 Be7 7. d4 d6 8. c3
O-O 9. h3 Bb7 10. Re1 Nd7 11. Nbd2 Na5 12. Bc2 c5 13. d5 Bc8 14. b4 Nb7 15. a4
Nb6 16. a5 Nd7 17. Nf1 c4 18. Be3 Nf6 19. N3h2 Ne8 20. Qd2 g6 21. f4 Ng7 22.
Nf3 f6 23. g4 Bd7 24. Ng3 exf4 25. Bxf4 Qc8 26. Kh2 Nd8 27. Rg1 Nf7 28. Rg2 Kh8
29. Kh1 Qb7 30. Rag1 Rae8 31. Bh6 Rg8 32. Be3 Qc8 33. Bd4 Ne5 34. Rf2 Ref8 35.
Nh4 Ne8 36. Ng2 Rg7 37. Nf4 Kg8 38. Rgf1 Kh8 39. Be3 Rgg8 40. Nge2 Ng7 41. Nd4
Re8 42. Nfe2 Ref8 43. Bh6 Nf7 44. Nf4 Nd8 45. g5 Ne8 46. Bxf8 Rxf8 47. gxf6
Rxf6 48. e5 dxe5 49. Nxg6+ hxg6 50. Qh6+ Kg8 51. Bxg6 1-0

[Event "2017 Edmonton International"]
[Site "?"]
[Date "2017.06.25"]
[Round "9"]
[White "Miller, David"]
[Black "Sevillano, Enrico"]
[Result "0-1"]
[WhiteElo "2223"]
[BlackElo "2556"]
[PlyCount "78"]
[EventDate "2017.??.??"]
[SourceDate "2017.09.01"]

1. e4 e6 2. d4 d5 3. Nc3 Bb4 4. e5 c5 5. a3 Bxc3+ 6. bxc3 Qc7 7. Qg4 Ne7 8. Bd3
cxd4 9. Ne2 dxc3 10. Qxg7 Rg8 11. Qf6 Nd7 12. Bb5 Nc6 13. Qh4 Qxe5 14. Qxh7 Rh8
15. Qd3 Rxh2 16. Rg1 Qh8 17. Qxc3 Qxc3+ 18. Nxc3 a6 19. Bf4 Rh4 20. g3 Rxf4 21.
gxf4 axb5 22. Nxb5 Ke7 23. Rg8 Nf6 24. Rh8 Ra5 25. Rxc8 Rxb5 26. O-O-O Ne8 27.
f5 Nd6 28. f6+ Kxf6 29. Rc7 Ra5 30. Rd7 Nc4 31. Rxb7 Rxa3 32. Rd3 Ra1+ 33. Rb1
Ra8 34. Kd1 Ke5 35. c3 Ra2 36. Ke1 Ke4 37. Rh3 N6e5 38. Rd1 Nf3+ 39. Kf1 Rc2
0-1

[Event "2017 Edmonton International"]
[Site "?"]
[Date "2017.06.21"]
[Round "2"]
[White "Arruebarrena, Rafael"]
[Black "Sevillano, Enrico"]
[Result "1/2-1/2"]
[WhiteElo "2323"]
[BlackElo "2566"]
[PlyCount "158"]
[EventDate "2017.??.??"]
[SourceDate "2017.09.01"]

1. e4 g6 2. d4 c6 3. Nc3 d5 4. h3 Bg7 5. Nf3 dxe4 6. Nxe4 Nf6 7. Nxf6+ exf6 8.
Bc4 O-O 9. O-O Nd7 10. Re1 a5 11. a4 Nb6 12. Bb3 Nd5 13. c4 Nb4 14. Be3 Be6 15.
Qd2 Qd7 16. Rad1 Rfd8 17. d5 cxd5 18. Bb6 dxc4 19. Bxd8 Qxd2 20. Rxd2 cxb3 21.
Bc7 Nc6 22. Nd4 Nxd4 23. Rxd4 f5 24. Be5 Rc8 25. Bxg7 Kxg7 26. Re5 b6 27. Rd6
Rc4 28. Rxb6 Rxa4 29. f3 Rc4 30. Rxa5 Rc2 31. Rab5 Rxb2 32. Rb4 Kf6 33. h4 h6
34. Kh2 Kg7 35. Kg3 g5 36. hxg5 hxg5 37. R6b5 Kf6 38. Rb6 Kg7 39. R6b5 Rc2 40.
Rxb3 f4+ 41. Kh2 Bxb3 42. Rxb3 Kg6 43. Rb8 Rc6 44. Kg1 Re6 45. Kf2 Kf5 46. Ra8
Re5 47. Ra7 f6 48. Ra8 Rd5 49. Re8 Rd2+ 50. Kf1 Rd5 51. Ra8 Re5 52. Kf2 Kg6 53.
Ra6 Kf7 54. Ra7+ Re7 55. Ra5 Re8 56. Rb5 Kg6 57. Rb6 Rf8 58. Ra6 Kh5 59. Ra7 f5
60. Ra5 Kg6 61. Ra6+ Kh5 62. Ra5 Kh4 63. Ra7 g4 64. fxg4 fxg4 65. g3+ fxg3+ 66.
Kg2 Rf2+ 67. Kg1 Rb2 68. Rh7+ Kg5 69. Rg7+ Kh5 70. Rh7+ Kg6 71. Rh8 g2 72. Rh2
Kg5 73. Rxg2 Rxg2+ 74. Kxg2 Kf4 75. Kf2 g3+ 76. Kg2 Kg4 77. Kg1 Kf3 78. Kf1 g2+
79. Kg1 Kg3 1/2-1/2

[Event "2017 Edmonton International"]
[Site "?"]
[Date "2017.06.20"]
[Round "1"]
[White "Reeve, Jeff"]
[Black "Shabalov, Alex"]
[Result "0-1"]
[WhiteElo "2295"]
[BlackElo "2587"]
[PlyCount "80"]
[EventDate "2017.??.??"]
[SourceDate "2017.09.01"]

1. e4 c5 2. Nf3 d6 3. d4 cxd4 4. Nxd4 Nf6 5. Nc3 g6 6. Be2 Bg7 7. O-O O-O 8.
Bg5 Nc6 9. Nb3 a6 10. f4 b5 11. Bf3 Bb7 12. Kh1 Nd7 13. Qd2 Nb6 14. Nd1 Nc4 15.
Qc1 Rc8 16. c3 Qb6 17. Bh4 Bh6 18. Bf2 Qc7 19. g3 f5 20. Qc2 e5 21. exf5 exf4
22. Qe4 Nd8 23. Qd3 Ne5 24. Bd5+ Kh8 25. Qe4 gxf5 26. Qg2 Bxd5 27. Qxd5 fxg3
28. Bxg3 f4 29. Bh4 Ne6 30. Nf2 Ng7 31. Nd4 Qd7 32. Ne4 Ng4 33. Qxd6 Qb7 34.
Rae1 Rfe8 35. Nf3 Rxe4 36. h3 Rxe1 37. Bxe1 Nf5 38. Qe6 Nge3 39. Rf2 Bg7 40.
Kh2 Ng3 0-1

[Event "2017 Edmonton International"]
[Site "?"]
[Date "2017.06.23"]
[Round "6"]
[White "Ng, Gary"]
[Black "Shabalov, Alex"]
[Result "1/2-1/2"]
[WhiteElo "2339"]
[BlackElo "2587"]
[PlyCount "66"]
[EventDate "2017.??.??"]
[SourceDate "2017.09.01"]

1. Nf3 c5 2. c4 Nc6 3. d4 cxd4 4. Nxd4 Nf6 5. Nc3 e6 6. Nc2 d5 7. e3 Bc5 8. Rb1
a5 9. Be2 O-O 10. O-O Qe7 11. cxd5 exd5 12. Nd4 Rd8 13. b3 Nxd4 14. exd4 Bf5
15. Ra1 Bb4 16. Bb2 Rac8 17. Rc1 Rc6 18. Bf3 h5 19. Re1 Ne4 20. Re3 Ba3 21.
Nxe4 Bxb2 22. Rxc6 dxe4 23. Rc2 Rxd4 24. Rd2 Qb4 25. Rxd4 Bxd4 26. Bxh5 Bxe3
27. fxe3 Qc3 28. Kf2 Qf6 29. Kg1 Qh6 30. Kf2 g6 31. Be2 Qxh2 32. Qd8+ Kh7 33.
Qxa5 Qh4+ 1/2-1/2

[Event "2017 Edmonton International"]
[Site "?"]
[Date "2017.06.22"]
[Round "5"]
[White "Sevillano, Enrico"]
[Black "Sohal, Tanraj"]
[Result "1/2-1/2"]
[WhiteElo "2566"]
[BlackElo "2386"]
[PlyCount "66"]
[EventDate "2017.??.??"]
[SourceDate "2017.09.01"]

1. e4 c5 2. c3 d5 3. exd5 Qxd5 4. Nf3 Nf6 5. Na3 e6 6. Be2 Nc6 7. O-O Be7 8. d4
cxd4 9. Nb5 Qd8 10. Nbxd4 Nxd4 11. Nxd4 O-O 12. Bf4 Bc5 13. Nb3 Bb6 14. Bf3 Nd5
15. Bg3 Qg5 16. Re1 Nf4 17. Qd6 Ng6 18. a4 Nh4 19. Be4 f5 20. a5 Bxf2+ 21. Bxf2
fxe4 22. Bxh4 Qxh4 23. g3 Qd8 24. Qxd8 Rxd8 25. Rxe4 Rd6 26. Nd4 Bd7 27. Rae1
Re8 28. Re5 Kf7 29. R1e3 Kf6 30. h4 h6 31. Kf2 Rc8 32. g4 g5 33. Kg3 Rd5
1/2-1/2